[Event "Al Ain op 1st"]
[Site "Al Ain"]
[Date "2012.12.24"]
[Round "3"]
[White "Ahmed, Fayez"]
[Black "Khadzh Khamed, Naser"]
[Result "0-1"]
[WhiteElo "1959"]
[BlackElo "2021"]
[PlyCount "110"]
[EventDate "2012.12.22"]
[EventType "swiss"]
[EventRounds "9"]
[EventCountry "UAE"]
[SourceTitle "CBM 152 Extra"]
[Source "ChessBase"]
[SourceDate "2013.02.25"]
[SourceVersion "1"]
[SourceVersionDate "2013.02.25"]
[SourceQuality "1"]

1. e4 c5 2. Nf3 g6 3. d4 Bg7 4. Nc3 cxd4 5. Nxd4 Nc6 6. Be3 Nf6 7. f3 0-0 8. Bc4 Qb6 9. Bb3 Nxe4 10. Nf5 Nxc3 11. Qd2 Qb4 12. Nxg7 Nxa2 13. Rxa2 Qxd2+ 14. Bxd2 Kxg7 15. h4 h6 16. h5 g5 17. Kf2 e5 18. Bd5 Re8 19. b4 Ne7 20. Bb3 d6 21. Rha1 a6 22. b5 d5 23. Bb4 d4 24. bxa6 Nc6 25. Bc5 Rxa6 26. Rxa6 bxa6 27. Ba4 Re6 28. Rb1 Rf6 29. Rb6 Na5 30. Bf8+ Kxf8 31. Rxf6 Be6 32. Bd7 Bxd7 33. Rxh6 Nc6 34. Rd6 Be8 35. Rd5 a5 36. Rb5 a4 37. Rb6 f5 38. g4 fxg4 39. fxg4 e4 40. Kg3 e3 41. h6 a3 42. Ra6 Nb4 43. Ra8 a2 44. Rxe8+ Kf7 45. h7 a1Q 46. Rf8+ Ke7 47. Re8+ Kd7 48. Rd8+ Kc7 49. Rc8+ Kxc8 50. h8Q+ Kb7 51. Qg7+ Kb6 52. Qxg5 Qg1+ 53. Kf3 Qd1+ 54. Ke4 Qxc2+ 55. Kxd4 Nc6+ 0-1

[Event "Al Ain op 1st"]
[Site "Al Ain"]
[Date "2012.12.23"]
[Round "2"]
[White "Enkhtuul, Altanulzii"]
[Black "Ahmed, Fayez"]
[Result "1-0"]
[WhiteElo "2153"]
[BlackElo "1959"]
[PlyCount "59"]
[EventDate "2012.12.22"]
[EventType "swiss"]
[EventRounds "9"]
[EventCountry "UAE"]
[SourceTitle "CBM 152 Extra"]
[Source "ChessBase"]
[SourceDate "2013.02.25"]
[SourceVersion "1"]
[SourceVersionDate "2013.02.25"]
[SourceQuality "1"]

1. d4 Nf6 2. Nf3 e6 3. g3 b6 4. Bg2 Bb7 5. c4 Bb4+ 6. Bd2 Be7 7. 0-0 c5 8. Bf4 Qc8 9. Nc3 d6 10. Nb5 Qd7 11. dxc5 0-0 12. cxd6 Bd8 13. Ne5 Qc8 14. d7 Nbxd7 15. Nd6 Qc7 16. Bxb7 Rb8 17. Bg2 Nxe5 18. Nb5 Qc5 19. b4 Qxc4 20. Bxe5 Be7 21. Bxb8 Rxb8 22. Nxa7 Rd8 23. Qb3 Qxe2 24. Nc6 Re8 25. Nxe7+ Rxe7 26. Qf3 Qc4 27. Rac1 Qxb4 28. Rc8+ Ne8 29. Qa8 Kf8 30. Bc6 1-0

[Event "UAE President Cup"]
[Site "Abu Dhabi"]
[Date "2012.07.03"]
[Round "7"]
[White "Ali, Mahmoud"]
[Black "Ahmed, Fayez"]
[Result "1/2-1/2"]
[WhiteElo "2100"]
[BlackElo "1913"]
[PlyCount "114"]
[EventDate "2012.06.28"]
[EventType "swiss"]
[EventRounds "9"]
[EventCountry "UAE"]
[SourceTitle "CBM 149 Extra"]
[Source "ChessBase"]
[SourceDate "2012.08.24"]
[SourceVersion "1"]
[SourceVersionDate "2012.08.24"]
[SourceQuality "1"]

1. d4 d5 2. Nf3 Nf6 3. c4 e6 4. Nc3 c6 5. e3 Bd6 6. Bd3 Nbd7 7. 0-0 h6 8. e4 dxe4 9. Nxe4 Nxe4 10. Bxe4 Nf6 11. Bc2 0-0 12. b3 Re8 13. Bb2 b6 14. Qd3 Bb7 15. Rfe1 Rc8 16. Rad1 Kf8 17. Ne5 Bxe5 18. dxe5 Qxd3 19. Rxd3 Ng8 20. c5 Red8 21. Red1 Ke8 22. Bd4 Ne7 23. b4 Nd5 24. a3 Rd7 25. Bb2 Rcd8 26. g3 a5 27. cxb6 axb4 28. axb4 Nxb6 29. Bd4 Nc4 30. f4 Ba6 31. Bc5 Nxe5 32. Rxd7 Nxd7 33. Bd4 g6 34. Kf2 Rb8 35. Be4 Bb5 36. Ra1 Nb6 37. Ra7 Nd5 38. Bc5 Rd8 39. Bxd5 Rxd5 40. Ke3 h5 41. Rc7 Rf5 42. h3 g5 43. fxg5 Rxg5 44. Kf4 Rf5+ 45. Ke4 Bc4 46. Kd4 Bd5 47. Re7+ Kd8 48. g4 hxg4 49. hxg4 Rf3 50. Ke5 f6+ 51. Kd6 Rf4 52. Rg7 Ke8 53. g5 fxg5 54. Rxg5 Kf7 55. Rh5 Rf5 56. Rxf5+ exf5 57. b5 cxb5 1/2-1/2

[Event "Beirut op 3rd"]
[Site "Beirut"]
[Date "2009.10.20"]
[Round "5"]
[White "Najjar, Ahmad"]
[Black "Ahmed, Fayez"]
[Result "1-0"]
[WhiteElo "2317"]
[BlackElo "1894"]
[PlyCount "97"]
[EventDate "2009.10.17"]
[EventType "swiss"]
[EventRounds "9"]
[EventCountry "LBN"]
[SourceTitle "EXT 2010"]
[Source "ChessBase"]
[SourceDate "2010.11.25"]
[SourceVersion "1"]
[SourceVersionDate "2010.11.25"]
[SourceQuality "1"]

1. d4 d5 2. Nf3 Nf6 3. c3 e6 4. Bf4 Bd6 5. Bg3 0-0 6. e3 Nbd7 7. Bd3 Re8 8. Ne5 Nf8 9. 0-0 c6 10. Nd2 Qc7 11. f4 Ng6 12. Qe2 a5 13. a4 Rf8 14. h4 Ne7 15. h5 Nf5 16. Bf2 g6 17. g4 Ng7 18. h6 Nge8 19. Bh4 Kh8 20. Rf2 Ng8 21. g5 f6 22. gxf6 Nexf6 23. Bg5 Ne7 24. Rg2 Nf5 25. Rf1 Bd7 26. e4 dxe4 27. Bxf6+ Rxf6 28. Nxe4 Bxe5 29. fxe5 Rf7 30. Nd6 Rff8 31. Rgf2 Kg8 32. Bxf5 exf5 33. Qc4+ Kh8 34. Nf7+ Kg8 35. Ng5+ Kh8 36. Rg2 Be8 37. Qc5 Bf7 38. e6 Bg8 39. c4 b6 40. Qa3 Rfe8 41. d5 Qe5 42. Qc3 Qxc3 43. bxc3 Rad8 44. Rd2 cxd5 45. Re1 Rc8 46. cxd5 Rxc3 47. d6 Rg3+ 48. Kf2 Rxg5 49. d7 1-0

[Event "Beirut op 3rd"]
[Site "Beirut"]
[Date "2009.10.18"]
[Round "3"]
[White "Ahmed, Fayez"]
[Black "Kotanjian, Tigran"]
[Result "0-1"]
[WhiteElo "1894"]
[BlackElo "2553"]
[PlyCount "79"]
[EventDate "2009.10.17"]
[EventType "swiss"]
[EventRounds "9"]
[EventCountry "LBN"]
[SourceTitle "EXT 2010"]
[Source "ChessBase"]
[SourceDate "2010.11.25"]
[SourceVersion "1"]
[SourceVersionDate "2010.11.25"]
[SourceQuality "1"]

1. e4 c5 2. c3 Nf6 3. e5 Nd5 4. d4 cxd4 5. Nf3 Nc6 6. Bc4 Nb6 7. Bb3 d5 8. cxd4 Bg4 9. Be3 e6 10. 0-0 Be7 11. Nbd2 Bf5 12. a3 Rc8 13. Rc1 0-0 14. Qe2 h6 15. Rc3 Na5 16. Rfc1 Qd7 17. Ba2 Rxc3 18. Rxc3 Na4 19. Rc1 Nxb2 20. Nb3 Nbc4 21. Nc5 Qb5 22. Bxc4 Nxc4 23. Nd2 Qb2 24. Re1 b6 25. Nxc4 Qxe2 26. Rxe2 dxc4 27. Nb7 c3 28. Nd6 Bxd6 29. exd6 Rd8 30. Bf4 c2 31. Re1 g5 32. Bg3 b5 33. h4 a5 34. Kf1 Bd3+ 35. Kg1 f6 36. hxg5 hxg5 37. f4 b4 38. fxg5 b3 39. d5 e5 40. gxf6 0-1

[Event "Beirut op 3rd"]
[Site "Beirut"]
[Date "2009.10.17"]
[Round "1"]
[White "Ahmed, Fayez"]
[Black "Said, Mahmoud"]
[Result "1-0"]
[WhiteElo "1894"]
[BlackElo "1888"]
[PlyCount "81"]
[EventDate "2009.10.17"]
[EventType "swiss"]
[EventRounds "9"]
[EventCountry "LBN"]
[SourceTitle "EXT 2010"]
[Source "ChessBase"]
[SourceDate "2010.11.25"]
[SourceVersion "1"]
[SourceVersionDate "2010.11.25"]
[SourceQuality "1"]

1. e4 b6 2. d4 Bb7 3. Nc3 g6 4. Nf3 Bg7 5. Bc4 e6 6. e5 d5 7. Bd3 a6 8. 0-0 Nd7 9. Ne2 Ne7 10. c3 c5 11. Ng3 h6 12. Be3 c4 13. Bc2 b5 14. a4 Bc6 15. axb5 axb5 16. Rxa8 Qxa8 17. Qa1 0-0 18. h4 Qb7 19. h5 Nf5 20. hxg6 fxg6 21. Nxf5 exf5 22. g3 Re8 23. Nh4 Nf8 24. g4 f4 25. Bd2 g5 26. Nf5 Qa8 27. f3 Bd7 28. Kf2 Qc6 29. Qa3 Ng6 30. Ra1 Bf8 31. Qa6 Nxe5 32. dxe5 Qc5+ 33. Nd4 Rxe5 34. Qg6+ Bg7 35. Ra8+ Be8 36. Bf5 Kf8 37. Be6 Qe7 38. Kf1 h5 39. gxh5 g4 40. Bxf4 Re1+ 41. Kxe1 1-0

[Event "Dubai op 11th"]
[Site "Dubai"]
[Date "2009.05.03"]
[Round "8"]
[White "Ahmed, Fayez"]
[Black "Tejaswini, Reddy S"]
[Result "1-0"]
[WhiteElo "1784"]
[BlackElo "2020"]
[PlyCount "41"]
[EventDate "2009.04.26"]
[EventType "swiss"]
[EventRounds "9"]
[EventCountry "UAE"]
[SourceTitle "CBM 130 Extra"]
[Source "ChessBase"]
[SourceDate "2009.07.02"]
[SourceVersion "2"]
[SourceVersionDate "2009.07.15"]
[SourceQuality "1"]

1. e4 c5 2. c3 d5 3. exd5 Qxd5 4. d4 Nf6 5. Nf3 e6 6. Na3 cxd4 7. Nb5 Na6 8. cxd4 Bd7 9. Nc3 Bb4 10. Bd3 Qh5 11. Qb3 Nd5 12. 0-0 Nac7 13. Ne5 Rd8 14. Ne4 0-0 15. a3 Ba5 16. g4 Qh4 17. Bg5 Qh3 18. Bxd8 Rxd8 19. Ng5 Qh4 20. Bxh7+ Kf8 21. Qf3 1-0